Formel 1 Top 3 Fahrer Frankreichs - Statistiken

Allgemein
  • Dieses Quiz wurde 197 mal gespielt
  • Das Durchschnittsergebnis liegt bei 9 aus 40
Antwortstatistiken
Antwort % Korrekt
Pierre Gasly
94%
Esteban Ocon
91%
Alain Prost
87%
Romain Grosjean
66%
Jean Alesi
47%
Olivier Panis
41%
Rene Arnoux
38%
Jean-Eric Vergne
29%
Jules Bianchi
29%
Jacques Laffite
28%
Patrick Depailler
25%
Charles Pic
23%
Didier Pironi
23%
Francois Cevert
21%
Patrick Tambay
21%
Sebastien Bourdais
19%
Jean-Pierre Beltoise
15%
Maurice Trintignant
13%
Franck Montagny
12%
Jean-Pierre Jarier
12%
Eric Bernard
9%
Erik Comas
9%
Jean Behra
9%
Henri Pescarolo
8%
Philippe Alliot
8%
Guy Ligier
7%
Johnny Servoz-Gavin
7%
Louis Rosier
7%
Philippe Streiff
7%
Bertrand Gachot
6%
Jean-Christophe Boullion
6%
Jo Schlesser
6%
Robert Manzon
6%
Elie Bayol
5%
Raymond Sommer
5%
Stephane Sarrazin
5%
Yannick Dalmas
5%
Yves Giraud-Cabantous
5%
Andre Simon
4%
Bernard Collomb
4%
Keine übereinstimmenden Quizze gefunden
Verteilung der Resultate
Anzahl Personen mit jedem Resultat
Perzentil nach korrekt beantworteten Fragen
Ihre Resultats-Entwicklung
Sie haben dieses Quiz noch nicht gespielt